Normal view
MARC view
- Recursos energéticos del mar
Entry Materia
001 - NÚMERO DE CONTROL DEL REGISTRO
- campo de control: 59505
003 - IDENTIFICADOR DE NUMERO DE CONTROL
- campo de control: MX-MxUPN
005 - FECHA Y HORA DE LA ÚLTIMA TRANSACCIÓN
- campo de control: 20260513132033.0
008 - DATOS DE LONGITUD FIJA
- campo de control de longitud fija: 260513nn annnnbabn n ana d
040 ## - FUENTE DE LA CATALOGACIÓN
- Centro catalogador de origen: MX-MxUPN
- Lengua de catalogación: spa
150 ## - ENCABEZAMIENTO - TEMÁTICO
- Término de materia o nombre geográfico como elemento inicial: Recursos energéticos del mar
450 ## - VÉASE - MATERIA
- Encabezamiento temático: Energía oceánica
450 ## - VÉASE - MATERIA
- Encabezamiento temático: Energía de los mares
450 ## - VÉASE - MATERIA
- Encabezamiento temático: Recursos energéticos marinos
450 ## - VÉASE - MATERIA
- Encabezamiento temático: Recursos energéticos oceánicos
670 ## - FUENTE EN LA QUE SE LOCALIZARON DATOS
- Cita de la fuente: Autoridades LIBRUNAM, 13 mayo 2026 :
- Información localizada: (Recursos energéticos del mar)
- Identificador Uniforme del Recurso: https://librunam.dgb.unam.m
902 ## - CATALOGADOR
- Catalogador: VíctorGodínez/130526
